Statistics for Biggest Cities in Tasman

Click here to take the quiz!

General Stats

  • This quiz has been taken 3 times
  • The average score is 5 of 9

Answer Stats

PopulationSettlement% Correct
15,000Richmond
100%
7,930Motueka
100%
2,090Brightwater
67%
1,330Takaka
67%
960Hope
67%
2,570Wakefield
33%
1,200Māpua
33%
740Riwaka
33%
640Ruby Bay
0%

Score Distribution

Percentile by Number Answered

Percent of People with Each Score

Your Score History

You have not taken this quiz